Formula One Race Winners of the 1980s - Statistics

General Stats
  • This quiz has been taken 26 times
  • The average score is 14 of 21
Answer Stats
Wins Teams Nationality Answer % Correct
40 RenaultMcLaren French Alain Prost
100%
20 LotusMcLaren Brazilian Ayrton Senna
95%
20 BrabhamWilliams Brazilian Nelson Piquet
90%
15 WilliamsFerrari British Nigel Mansell
90%
8 McLaren Austrian Niki Lauda
85%
7 Renault French Rene Arnoux
75%
6 Williams Australian Alan Jones
70%
5 Williams Finnish Keke Rosberg
70%
3 Williams Argentine Carlos Reutemann
65%
3 LigierFerrari French Didier Pironi
65%
5 BenettonFerrari Austrian Gerhard Berger
65%
2 Ferrari Canadian Gilles Villeneuve
65%
2 Lotus Italian Elio de Angelis
60%
4 McLaren British John Watson
60%
5 TyrrellFerrari Italian Michele Alboreto
60%
2 Brabham Italian Ricardo Patrese
60%
2 Williams Belgium Thierry Boutsen
60%
1 Renault French Jean-Pierre Jabouille
55%
1 Benetton Italian Alessandro Nannini
50%
3 Ligier French Jacques Laffite
50%
2 Ferrari French Patrick Tambay
50%
No matching quizzes found
Score Distribution
Percent of People with Each Score
Percentile by Number Answered
Your Score History
You have not taken this quiz